000 00404nam a22001697a 4500
005 20160519095601.0
008 160519b xxu||||| |||| 00| 0 eng d
020 _a0333935039
041 _aeng
082 _b3110
100 _aSharma J.K.
_961
245 _aQuantitative Techniques for managerial decisions
260 _bMac Millan
_c2001
300 _a908
650 _aManagement
_9241
942 _cBK
999 _c1067
_d1067